Report Of The Committee On Roads And Transport On The Contract Agreement Between Mik Limited Represented By Constructora Queiro Galavao S. A Sucursal Ghana For An Amount Of Seventy Million United Sates Dollars(us 70,000,000.00) For The Construction Of The Second Phase Of The Tamale International AirPort. (Record no. 1923)

MARC details
000 -LEADER
fixed length control field 00900nam a2200145Ia 4500
008 - FIXED-LENGTH DATA ELEMENTS--GENERAL INFORMATION
fixed length control field 240429s9999||||xx |||||||||||||| ||und||
041 ## - LANGUAGE CODE
Language code of text/sound track or separate title eng
082 ## - DEWEY DECIMAL CLASSIFICATION NUMBER
Classification number CR/G&QGC/18
100 ## - MAIN ENTRY--PERSONAL NAME
Personal name Parliament of Ghana
245 #0 - TITLE STATEMENT
Title Report Of The Committee On Roads And Transport On The Contract Agreement Between Mik Limited Represented By Constructora Queiro Galavao S. A Sucursal Ghana For An Amount Of Seventy Million United Sates Dollars(us 70,000,000.00) For The Construction Of The Second Phase Of The Tamale International AirPort.
300 ## - PHYSICAL DESCRIPTION
Extent 7p,tab
650 ## - SUBJECT ADDED ENTRY--TOPICAL TERM
Topical term or geographic name entry element Report of the Committee on Roads and Transport on the Contract Agreement between - k Limited Represented By Constructora Queiro Galavao S. A Sucursal Ghana For An Amount Of Seventy - Million United Sates Dollars(us 70,000,000.00) For The Construction Of The Second Phase - Of The Tamale International AirPort
942 ## - ADDED ENTRY ELEMENTS (KOHA)
Koha item type Committee Reports
Holdings
Withdrawn status Lost status Damaged status Not for loan Home library Current library Shelving location Date acquired Total checkouts Full call number Date last seen Copy number Price effective from Koha item type
        Main Library Main Library Open Shelves 01/12/2022   NULL 29/04/2024 1 29/04/2024 Committee Reports
©2026  Parliament of Ghana Library - All rights reserved